Skanska Construction (Regions) Ltd v Anglo-Amsterdam Corporation Ltd (Record no. 72024)

MARC details
000 -LEADER
fixed length control field 01764cam a2200241 4500
001 - CONTROL NUMBER
control field ABS66313
008 - FIXED-LENGTH DATA ELEMENTS--GENERAL INFORMATION
fixed length control field 030203n2003 000 0 eng u
035 ## - SYSTEM CONTROL NUMBER
System control number (Sirsi) u121203
245 ## - TITLE STATEMENT
Title Skanska Construction (Regions) Ltd v Anglo-Amsterdam Corporation Ltd
260 ## - PUBLICATION, DISTRIBUTION, ETC.
Date of publication, distribution, etc. 2003
490 ## - SERIES STATEMENT
Series statement Construction Law Reports
Volume/sequential designation [2003] 84 Con LR 100-116(17)
520 ## - SUMMARY, ETC.
Summary, etc. TCC 20 June 2002. Claimant Skanska(S) appealed against an arbitration award dismissing a claim by S to recover liquidated damages deducted by respondent Anglo-Amsterdam (A). S was the contractor for the building of an office in Edinburgh whilst A was the employer. The contract used was JCT WCD 1981. S argued that practical completion took place on 12 February 1996 and as partial possession was given for the whole of the building on this date, its liability to pay liquidated damages ended 12 February in accordance with cl17of the contract. The arbitrator ruled that practical completion as defined by cl16 did not take place until 25 April 1996. Held that S handed over possession on 12 February 1996. S was entitled to repayment of the liquidated damages it had paid out as deemed practical completion under cl17.1 of the whole of the works occurred on 12 February on account of partial possession of the whole of the works being taken by A.
590 ## - LOCAL NOTE (RLIN)
Local note ABS
650 ## - SUBJECT ADDED ENTRY--TOPICAL TERM
Topical term or geographic name entry element SKANSKA CONSTRUCTION (REGIONS) LTD V ANGLO-AMSTERDAM CORPORATION LTD
650 ## - SUBJECT ADDED ENTRY--TOPICAL TERM
Topical term or geographic name entry element JCT STANDARD FORM OF CONTRACT WITH CONTRACTOR'S DESIGN (1981 EDITION)
650 ## - SUBJECT ADDED ENTRY--TOPICAL TERM
Topical term or geographic name entry element LIQUIDATED DAMAGES
650 ## - SUBJECT ADDED ENTRY--TOPICAL TERM
Topical term or geographic name entry element PARTIAL POSSESSION
650 ## - SUBJECT ADDED ENTRY--TOPICAL TERM
Topical term or geographic name entry element ARBITRATORS' AWARDS
650 ## - SUBJECT ADDED ENTRY--TOPICAL TERM
Topical term or geographic name entry element IMPRESA CASTELLI SPA V COLA HOLDINGS LTD
650 ## - SUBJECT ADDED ENTRY--TOPICAL TERM
Topical term or geographic name entry element CONTRACT CLAIMS
690 ## - LOCAL SUBJECT ADDED ENTRY--TOPICAL TERM (OCLC, RLIN)
Topical term or geographic name as entry element BUILT ENVIRONMENT-BUILDING CONTRACT FORMS
942 ## - ADDED ENTRY ELEMENTS (KOHA)
Suppress in OPAC 0
Holdings
Withdrawn status Lost status Source of classification or shelving scheme Damaged status Not for loan Home library Current library Shelving location Date acquired Total Checkouts Full call number Barcode Date last seen Copy number Price effective from Koha item type
    Dewey Decimal Classification     London London Journals 03/02/2003   ABS66313 121203-1001 06/08/2019 1 06/08/2019 Law report